[Event "Wch Blitz"]
[Site "St Petersburg"]
[Date "2018.12.30"]
[Round "19"]
[White "Grischuk, Alexander"]
[Black "Nepomniachtchi, Ian"]
[Result "0-1"]
[WhiteElo "2771"]
[BlackElo "2763"]
[PlyCount "144"]
[EventDate "2018.12.29"]
[EventType "swiss (blitz)"]
[EventRounds "21"]
[EventCountry "RUS"]
[SourceTitle "CBM 187 Extra"]
[Source "ChessBase"]
[SourceDate "2018.11.04"]
[SourceVersion "1"]
[SourceVersionDate "2018.11.04"]
[SourceQuality "1"]

1. Nf3 d5 2. g3 g6 3. c4 dxc4 4. Na3 Bg7 5. Nxc4 Nc6 6. d3 e5 7. Bd2 Nge7 8. h4
h6 9. Bc3 f6 10. Ne3 Be6 11. h5 g5 12. g4 Qd7 13. Nd2 Nd5 14. Nxd5 Bxd5 15. Ne4
O-O-O 16. Qa4 Kb8 17. Bh3 Rhe8 18. Rc1 Qf7 19. O-O Bf8 20. Bg2 f5 21. gxf5 Qxf5
22. Ng3 Qf7 23. Bxd5 Rxd5 24. Qg4 Bc5 25. Ne4 Bb6 26. Kg2 Nd8 27. Rh1 Ne6 28.
Bd2 Rf8 29. Be3 Qe8 30. a3 Bd4 31. b4 Rd7 32. Rcf1 Rdf7 33. Bc1 Qc6 34. e3 Bb6
35. Qe2 Rd8 36. Rd1 a6 37. Rhf1 Qe8 38. Bb2 Ng7 39. Ng3 Qc6+ 40. Ne4 Nf5 41.
Bxe5 Nh4+ 42. Kh1 Qe6 43. Bh2 Nf3 44. Nd2 g4 45. Nxf3 gxf3 46. Qc2 Rd5 47. Qc4
Qd7 48. Qh4 Rff5 49. Qg4 Qe7 50. e4 Rg5 51. Qxf3 Rd8 52. Qe2 Qf7 53. f4 Rxh5
54. Rd2 Rg8 55. Qf3 Rd8 56. Rg2 a5 57. f5 Rg5 58. e5 Rxg2 59. Qxg2 Rxd3 60. e6
Qf6 61. Qe4 Re3 62. Qd5 a4 63. Qb5 Qd4 64. Qe8+ Ka7 65. Qxa4+ Kb8 66. Qe8+ Ka7
67. Qa4+ Kb8 68. Qc2 Rd3 69. f6 Rd2 70. Qf5 Qh4 71. Qe5 Qh3 72. Rg1 Qf3+ 0-1

[Event "Wch Blitz"]
[Site "St Petersburg"]
[Date "2018.12.30"]
[Round "20"]
[White "Korobov, Anton"]
[Black "Grischuk, Alexander"]
[Result "1-0"]
[WhiteElo "2698"]
[BlackElo "2771"]
[PlyCount "61"]
[EventDate "2018.12.29"]
[EventType "swiss (blitz)"]
[EventRounds "21"]
[EventCountry "RUS"]
[SourceTitle "CBM 187 Extra"]
[Source "ChessBase"]
[SourceDate "2018.11.04"]
[SourceVersion "1"]
[SourceVersionDate "2018.11.04"]
[SourceQuality "1"]

1. d4 Nf6 2. c4 g6 3. Nc3 Bg7 4. e4 d6 5. f3 O-O 6. Nge2 a6 7. Be3 b5 8. cxb5
axb5 9. Nxb5 Nbd7 10. Nbc3 c6 11. Nc1 e5 12. Be2 Nh5 13. O-O exd4 14. Bxd4 Nf4
15. Bxg7 Qg5 16. g3 Kxg7 17. Kh1 Nxe2 18. N1xe2 Qf6 19. Qd4 Ne5 20. f4 c5 21.
Qd5 Be6 22. fxe5 Qxf1+ 23. Rxf1 Bxd5 24. exd5 dxe5 25. g4 Rfb8 26. b3 Rb4 27.
Ng3 c4 28. bxc4 Rxc4 29. Nge4 Ra3 30. d6 Rd4 31. Nb5 1-0

[Event "Wch Blitz"]
[Site "St Petersburg"]
[Date "2018.12.30"]
[Round "21"]
[White "Grischuk, Alexander"]
[Black "Ghaem Maghami, Ehsan"]
[Result "1-0"]
[WhiteElo "2771"]
[BlackElo "2537"]
[PlyCount "131"]
[EventDate "2018.12.29"]
[EventType "swiss (blitz)"]
[EventRounds "21"]
[EventCountry "RUS"]
[SourceTitle "CBM 187 Extra"]
[Source "ChessBase"]
[SourceDate "2018.11.04"]
[SourceVersion "1"]
[SourceVersionDate "2018.11.04"]
[SourceQuality "1"]

1. Nf3 Nf6 2. g3 d5 3. Bg2 g6 4. c4 c6 5. b3 Bg7 6. Bb2 O-O 7. O-O Bg4 8. d3
Bxf3 9. Bxf3 e6 10. Nd2 a5 11. a3 Nbd7 12. Qc2 Qe7 13. Bg2 Ne8 14. d4 Nef6 15.
e3 Rfe8 16. Rfd1 h5 17. Nf3 Ne4 18. Ne1 Nd6 19. a4 Nf5 20. Nd3 Qd8 21. Rab1 Nf6
22. Nc5 Nd6 23. Bc3 Bf8 24. Be1 h4 25. Nd3 Nde4 26. f3 Nd6 27. g4 Nd7 28. e4 h3
29. Bh1 dxe4 30. fxe4 e5 31. Nxe5 Nxe5 32. dxe5 Rxe5 33. c5 Qg5 34. cxd6 Qxg4+
35. Bg3 Rg5 36. Qf2 Rd8 37. Bf3 Qe6 38. Kh1 Bxd6 39. Bh4 Be7 40. Rxd8+ Bxd8 41.
Bxg5 Bxg5 42. Qg3 Bf6 43. Qg4 Qd6 44. Qxh3 Qd3 45. Qf1 Qe3 46. Bg2 Be5 47. Qf3
Qh6 48. Qh3 Qd2 49. Rf1 Qd8 50. Qf3 Qe7 51. Qg4 Kg7 52. Bf3 Bd6 53. Be2 Qe5 54.
Qg2 b5 55. Rf2 f6 56. Qg4 Qd4 57. Rg2 g5 58. axb5 cxb5 59. Bxb5 Qa1+ 60. Rg1
Qe5 61. Qd7+ Kh6 62. Qh3+ Kg7 63. Bd3 Bc5 64. Rf1 Qd4 65. e5 f5 66. Qxf5 1-0

[Event "WchT 12th"]
[Site "Astana"]
[Date "2019.03.14"]
[Round "9.3"]
[White "Grischuk, Alexander"]
[Black "Sethuraman, SP."]
[Result "1-0"]
[WhiteElo "2771"]
[BlackElo "2637"]
[Annotator "Krasenkow,M"]
[PlyCount "169"]
[EventDate "2019.03.05"]
[EventType "team-tourn"]
[EventRounds "9"]
[EventCountry "KAZ"]
[SourceTitle "CBM 189"]
[Source "ChessBase"]
[SourceDate "2019.04.29"]
[SourceVersion "1"]
[SourceVersionDate "2019.04.29"]
[SourceQuality "1"]
[WhiteTeam "Russia"]
[BlackTeam "India"]
[WhiteTeamCountry "RUS"]
[BlackTeamCountry "IND"]

{[%evp 0,169,16,19,19,5,5,5,15,13,23,-13,-17,4,4,-53,-7,-10,3,-28,44,-8,7,6,38,
41,48,46,44,40,45,63,57,39,17,22,38,35,30,34,50,65,60,45,49,48,41,41,35,65,69,
69,89,92,99,101,101,101,122,129,128,90,128,95,128,106,128,92,125,81,115,79,87,
93,98,96,93,93,86,70,103,84,86,81,77,77,81,90,86,76,95,93,102,97,97,86,81,60,
86,60,92,89,93,90,74,53,47,56,56,40,36,6,32,32,52,33,84,79,96,108,124,124,144,
126,123,134,138,138,154,150,139,145,142,142,151,151,151,202,184,203,209,209,
244,244,248,242,301,308,308,157,239,258,260,248,317,303,312,312,312,323,318,
319,321,321,335,341,360,360,370,351,411,413]} 1. d4 Nf6 2. c4 e6 3. Nf3 d5 4.
Nc3 Bb4 5. cxd5 exd5 6. Bg5 h6 7. Bh4 O-O 8. e3 Bf5 9. Qb3 Bxc3+ 10. Qxc3 (10.
bxc3 Nbd7 $1 {gives Black good counterplay, as was seen in recent games, e.g.}
11. Be2 (11. Qxb7 Rb8 12. Qxa7 Qe7 13. Be2 Rb2 $44 {1/2 (50) Kopasov,E (2205)
-Woelfelschneider,P (2201) Lechenicher SchachServer 2012}) 11... c5 12. dxc5
Nxc5 13. Qb4 Rc8 14. O-O Re8 15. Rad1 Nce4 16. Nd4 Bh7 17. c4 dxc4 18. Bxc4 Qe7
$11 {1/2 (34) Matlakov,M (2709)-Karthikeyan,M (2585) Moscow 2018}) 10... g5 {
A risky move. Black weakens his kingside having a specific idea in mind.} (
10... Nbd7 {is enough for equality:} 11. Be2 (11. Nd2 Rc8 12. Be2 (12. b4 Re8
13. Be2 Ne4 14. Nxe4 Qxh4 15. Ng3 Bg4 16. f3 Bf5 17. O-O Qg5 18. e4 dxe4 19.
Nxf5 Qxf5 20. fxe4 Qxe4 21. Bf3 Qe3+ 22. Qxe3 Rxe3 23. Bxb7 Rb8 $11 {1/2 (45)
Hammer,J (2629)-Harikrishna,P (2738) Palma de Mallorca 2017}) 12... c5 13. O-O
Qb6 14. Rfc1 cxd4 (14... Rfe8 15. Kf1 Ne4 16. Nxe4 dxe4 17. a4 cxd4 18. Qxd4
Qxd4 19. exd4 Nb6 $11 {1/2 (40) Karjakin,S (2783)-Harikrishna,P (2755) Shamkir
2017}) 15. Qxd4 Qxd4 16. exd4 Rfe8 17. Kf1 Nf8 18. Bxf6 gxf6 19. g4 Bd7 20. Nb3
b6 21. Bf3 Ne6 22. Bxd5 Nf4 23. Bf3 Bb5+ 24. Kg1 Rxc1+ 25. Rxc1 Ne2+ 26. Bxe2
Rxe2 $11 {1/2 (40) Wojtaszek,R (2733)-Matlakov,M (2684) Poikovsky 2016}) (11.
Qa3 c6 12. Be2 Qb6 (12... Re8 13. Nd2 Nf8 14. O-O Ng6 15. Bg3 Ne4 16. Nxe4 Bxe4
17. Rfc1 Ne7 18. b4 a6 19. Qa5 $14 {1/2 (37) Lupulescu,C (2610)-Xu,Y (2520)
Moscow 2019}) 13. Nd2 a5 14. O-O Rfe8 15. Rfe1 Ne4 16. Nf1 g5 17. Ng3 Be6 18.
Nxe4 dxe4 19. Bg3 Qb4 $11 {1/2 (34) Aronian,L (2780)-Deac,B (2594) Douglas 2018
}) 11... c6 12. Nd2 Ne4 13. Bxd8 (13. Nxe4 Qxh4 14. Nd6 Bg4 15. g3 Qf6 16. Bxg4
Qxd6 $11 {1/2 (30) Mamedyarov,S (2820)-Carlsen,M (2839) Porto Carras 2018})
13... Nxc3 14. bxc3 Rfxd8 15. c4 (15. f3 c5 16. Kf2 Rac8 17. Rhc1 Rc7 18. e4
dxe4 19. fxe4 Bg6 20. Bf3 Ne5 $5 21. Ke3 Nc6 $36 {0-1 (70) Le,Q (2739)-Vidit,S
(2702) Tbilisi 2017 CBM 181 [Vidit,S]}) 15... dxc4 (15... c5 $5) 16. Nxc4 Be6
17. Na5 Rab8 18. Bf3 Nb6 19. Ke2 Nc4 20. Nb3 Bd5 21. g4 Kf8 22. Rhc1 Rbc8 $11 {
1-0 (46) Edouard,R (2643)-Gavrilescu,D (2479) Caleta ENG 2019}) 11. Bg3 Ne4 12.
Qxc7 Qxc7 $6 {It looks like Black mixed up something.} (12... Nc6 $1 {is a key
idea by Levon Aronian:} 13. Qxd8 (13. Bb5 Rc8 14. Qxd8 Rfxd8 15. O-O h5 {
with similar consequences}) 13... Rfxd8 14. Be2 Rac8 15. O-O h5 $1 16. h4 g4
17. Ne5 Nb4 {[%cal Rb4c2,Rc2e3]} 18. Bf4 f6 19. Nd3 Nc3 $1 20. bxc3 {1/2 (20)
Ding,L (2774)-Aronian,L (2801) Palma de Mallorca 2017 CBM 182 [Yermolinsky,A]}
(20. bxc3 Nxd3 21. Bxd3 Bxd3 22. Rfc1 Rc4 $11)) 13. Bxc7 Nc6 14. Bb5 $1 Rfc8 (
14... Nb4 15. O-O Rac8 16. Rfc1) 15. Bxc6 bxc6 16. Ba5 {White is just a pawn
up, and his bishop has got out of danger; he is yet to complete his
development, though.} Rab8 17. b4 (17. b3 c5 {[%cal Rc5c4]} 18. dxc5 Rxc5 19.
b4 ({but not} 19. Bd2 $2 Rc2 {[%cal Rg5g4]}) 19... Rc4 {seemed less convincing
to White.}) 17... Nd6 18. Nd2 $1 Nb7 (18... Bd3 19. Nb3 Nc4 20. Nc5) 19. Nb3
Bc2 20. Nc5 Nxc5 (20... Nxa5 21. bxa5 {is even worse for Black as White keeps
his dominating c5 knight.}) 21. dxc5 $1 {White obtains a queenside pawn
majority. Despite opposite-coloured bishops, he keeps some hopes to convert
his material advantage.} Re8 (21... Ba4 $142 $1 {blockading the queenside.})
22. a4 $1 Bf5 23. O-O-O $5 Re4 24. Rd4 Rxd4 25. exd4 {[%mdl 4096]} Bd7 26. Kd2
Re8 27. Bc7 f6 28. f3 a6 29. g4 Kg7 30. Rc1 Re6 31. h3 Kf7 32. Bg3 Be8 33. Bf2
Bd7 34. Be3 Kg7 35. f4 ({It was probably better to start with} 35. h4 {and
then, after h4xg5 h6xg5, prepare f3-f4. Still, White's winning chances were
uncertain.}) 35... gxf4 36. Bxf4 Kg6 37. Be3 Kg7 38. Ke2 Kg6 39. Kf2 Be8 40.
Ke2 Bd7 41. Kf3 Be8 42. Kf2 Bd7 43. Ke2 Be8 44. Kd3 Bd7 45. Bd2 Kg7 (45... h5
$5 {deserved attention, reducing the number of pawns, but Black understandably
doesn't want to give White a passed h-pawn.}) 46. Bf4 Kg6 47. Bg3 Kg5 48. Be1
Be8 49. Bd2+ Kg6 50. Rf1 Kg7 51. h4 Bd7 52. g5 {White can't find another way
to break through but Black now obtains a strong passed pawn.} fxg5 53. hxg5 h5
54. Bf4 Kg6 55. Be5 Be8 (55... h4 $1 {with a probable draw.}) 56. Ke3 Kxg5 57.
Rg1+ Kh6 $6 (57... Kf5 $142 $1 {preventing the activation of White's king.
After} 58. Rg8 h4 {Black should not lose.}) 58. Rg8 Re7 59. Kf4 $1 Rf7+ 60. Kg3
Re7 (60... Bd7 $142 $1 61. Ra8 (61. Kh4 $2 Rf3) 61... h4+ 62. Kg2 Bf5 {with
counterplay. After the text move Black's pieces remain passive, he loses his
h5 pawn and gradually the game.}) 61. Kh4 Re6 62. Rh8+ Kg6 63. Rxh5 Re7 64.
Rg5+ Kf7 65. Kg4 Ke6 66. Rg8 Kf7 (66... Kd7 67. Kf5 Rf7+ 68. Bf6) 67. Rh8 Kg6
68. Rf8 Bd7+ 69. Kg3 Be8 70. b5 $1 axb5 71. axb5 cxb5 72. c6 $1 b4 73. c7 Bd7
74. c8=Q Bxc8 75. Rxc8 Rb7 76. Kf4 b3 77. Rg8+ Kh7 78. Rg1 b2 79. Rb1 Kg6 (
79... Rb3 80. Bd6 {[%cal Yf4e5]}) 80. Ke3 Kf5 81. Kd3 Rb5 82. Kc3 Rb7 83. Rxb2
Rh7 84. Re2 Re7 85. Kb4 1-0

[Event "Norway Masters blitz 7th"]
[Site "Stavanger"]
[Date "2019.06.03"]
[Round "1"]
[White "Grischuk, Alexander"]
[Black "Anand, Viswanathan"]
[Result "1/2-1/2"]
[WhiteElo "2775"]
[BlackElo "2767"]
[PlyCount "41"]
[EventDate "2019.06.03"]
[EventType "tourn (blitz)"]
[EventRounds "9"]
[EventCountry "NOR"]
[EventCategory "22"]
[SourceTitle "CBM 190 Extra"]
[Source "ChessBase"]
[SourceDate "2019.07.15"]
[SourceVersion "1"]
[SourceVersionDate "2019.07.15"]
[SourceQuality "1"]

1. e4 c6 2. d4 d5 3. Nc3 dxe4 4. Nxe4 Bf5 5. Ng3 Bg6 6. Nf3 Nf6 7. h4 Nh5 8.
Nxh5 Bxh5 9. c3 Nd7 10. Be2 e6 11. Bf4 Be7 12. Ng5 Bxe2 13. Qxe2 h6 14. Nf3 Qa5
15. a3 Qf5 16. g3 Nf6 17. O-O-O Qe4 18. Rde1 Qxe2 19. Rxe2 h5 20. Bg5 Ng4 21.
Bxe7 1/2-1/2

[Event "Norway Masters blitz 7th"]
[Site "Stavanger"]
[Date "2019.06.03"]
[Round "2"]
[White "Grischuk, Alexander"]
[Black "Caruana, Fabiano"]
[Result "1-0"]
[WhiteElo "2775"]
[BlackElo "2819"]
[PlyCount "95"]
[EventDate "2019.06.03"]
[EventType "tourn (blitz)"]
[EventRounds "9"]
[EventCountry "NOR"]
[EventCategory "22"]
[SourceTitle "CBM 190 Extra"]
[Source "ChessBase"]
[SourceDate "2019.07.15"]
[SourceVersion "1"]
[SourceVersionDate "2019.07.15"]
[SourceQuality "1"]

1. Nf3 d5 2. d3 Nf6 3. g3 c5 4. Bg2 Nc6 5. O-O e5 6. e4 d4 7. a4 Bd6 8. Na3 Be6
9. Ng5 Bg4 10. f3 Bh5 11. h4 h6 12. Nh3 Nd7 13. Nf2 g5 14. hxg5 hxg5 15. Bh3
Qe7 16. Kg2 O-O-O 17. Bd2 Kb8 18. Qe2 Nf8 19. Rh1 Ne6 20. Bg4 Bg6 21. Bf5 Rdg8
22. Rxh8 Rxh8 23. Rh1 Rxh1 24. Kxh1 Bc7 25. Nc4 a6 26. Kg2 Ka7 27. Qe1 b5 28.
axb5 axb5 29. Na3 Kb6 30. Qh1 Bxf5 31. exf5 Ng7 32. Qh7 f6 33. Ne4 Ne8 34. Qg8
Nd6 35. Qb3 Na7 36. Nc4+ Nxc4 37. dxc4 b4 38. c3 Nc6 39. cxb4 cxb4 40. c5+ Kb5
41. Qd3+ Ka5 42. Qc4 Qd7 43. g4 Qd8 44. Qe6 Na7 45. Nxf6 e4 46. Nxe4 Qh8 47.
Nd6 Nc6 48. Qa2# 1-0

[Event "Norway Masters blitz 7th"]
[Site "Stavanger"]
[Date "2019.06.03"]
[Round "4"]
[White "Grischuk, Alexander"]
[Black "Aronian, Levon"]
[Result "0-1"]
[WhiteElo "2775"]
[BlackElo "2752"]
[PlyCount "140"]
[EventDate "2019.06.03"]
[EventType "tourn (blitz)"]
[EventRounds "9"]
[EventCountry "NOR"]
[EventCategory "22"]
[SourceTitle "CBM 190 Extra"]
[Source "ChessBase"]
[SourceDate "2019.07.15"]
[SourceVersion "1"]
[SourceVersionDate "2019.07.15"]
[SourceQuality "1"]

1. e4 e5 2. Nf3 Nc6 3. Bc4 Bc5 4. c3 Nf6 5. d3 a6 6. O-O d6 7. a4 Ba7 8. Re1
O-O 9. h3 Kh8 10. b4 Ng8 11. Ng5 Qf6 12. Qf3 Qxf3 13. Nxf3 f5 14. Be3 fxe4 15.
dxe4 Bxe3 16. Rxe3 Nf6 17. a5 h6 18. Nbd2 g5 19. Ne1 Bd7 20. Nc2 Nd8 21. Ree1
Ne6 22. Bxe6 Bxe6 23. Ne3 Nh5 24. c4 Nf4 25. Ra3 c6 26. f3 Rad8 27. Kh2 h5 28.
Rc3 Kg7 29. Ndf1 Kg6 30. Ng3 h4 31. Ne2 Rf7 32. Kg1 Rfd7 33. Kf2 Kf7 34. Rd1
Ke7 35. Rd2 Rf8 36. Rc1 Rfd8 37. Rcd1 Kf6 38. Nc3 Ke7 39. Na4 Rf8 40. Nb6 Rdd8
41. Ke1 Ng6 42. Rc1 Nf4 43. Rc3 Rf6 44. Kd1 Rff8 45. Kc2 Kf6 46. Kb2 Ke7 47.
Rc1 Rf6 48. Rcd1 Rff8 49. Kc3 Ng6 50. Kb3 Nf4 51. Ka4 Ng6 52. b5 Nf4 53. bxa6
bxa6 54. Kb4 c5+ 55. Kc3 Rf6 56. Rb1 Ke8 57. Nbd5 Bxd5 58. cxd5 Kd7 59. Rb7+
Ke8 60. Ra7 Rf7 61. Rxa6 Rb7 62. Rb6 Rxb6 63. axb6 Ra8 64. Ra2 Rxa2 65. b7 Ne2+
66. Kb3 Nc1+ 67. Kc3 Ra3+ 68. Kc2 Rb3 69. Nc4 Kd7 70. Kxc1 Rxb7 0-1

[Event "Norway Masters blitz 7th"]
[Site "Stavanger"]
[Date "2019.06.03"]
[Round "5"]
[White "Ding, Liren"]
[Black "Grischuk, Alexander"]
[Result "1/2-1/2"]
[WhiteElo "2805"]
[BlackElo "2775"]
[PlyCount "100"]
[EventDate "2019.06.03"]
[EventType "tourn (blitz)"]
[EventRounds "9"]
[EventCountry "NOR"]
[EventCategory "22"]
[SourceTitle "CBM 190 Extra"]
[Source "ChessBase"]
[SourceDate "2019.07.15"]
[SourceVersion "1"]
[SourceVersionDate "2019.07.15"]
[SourceQuality "1"]

1. d4 Nf6 2. c4 g6 3. f3 Bg7 4. e4 d6 5. Nc3 O-O 6. Nge2 a6 7. Be3 Nbd7 8. Qd2
b5 9. cxb5 axb5 10. Nxb5 c6 11. Nbc3 e5 12. Rd1 Re8 13. Ng3 d5 14. Be2 h5 15.
O-O h4 16. Nh1 dxe4 17. Nf2 exd4 18. Bxd4 exf3 19. Bxf3 Ba6 20. Rfe1 Qc7 21.
Qg5 Rxe1+ 22. Rxe1 Rb8 23. Qxh4 c5 24. Bxf6 Nxf6 25. b3 Bc8 26. Nfe4 Nxe4 27.
Nd5 Qd6 28. Qxe4 Be6 29. Qf4 Qxf4 30. Nxf4 Bf5 31. Bd5 Kf8 32. Bc4 Rd8 33. Nd5
Be6 34. Nb6 Bf5 35. a4 Rd2 36. a5 Bd4+ 37. Kh1 Be4 38. Bf1 Bc6 39. a6 Ra2 40.
Nc8 c4 41. bxc4 Rxa6 42. Ne7 Bd7 43. Nd5 Ra2 44. Nb4 Rd2 45. Nd5 Be6 46. Rb1
Kg7 47. h3 Bf5 48. Re1 Be6 49. Rb1 Bf5 50. Re1 Be6 1/2-1/2

[Event "Norway Masters blitz 7th"]
[Site "Stavanger"]
[Date "2019.06.03"]
[Round "6"]
[White "Grischuk, Alexander"]
[Black "Yu, Yangyi"]
[Result "1-0"]
[WhiteElo "2775"]
[BlackElo "2738"]
[PlyCount "52"]
[EventDate "2019.06.03"]
[EventType "tourn (blitz)"]
[EventRounds "9"]
[EventCountry "NOR"]
[EventCategory "22"]
[SourceTitle "CBM 190 Extra"]
[Source "ChessBase"]
[SourceDate "2019.07.15"]
[SourceVersion "1"]
[SourceVersionDate "2019.07.15"]
[SourceQuality "1"]

1. d4 Nf6 2. c4 e6 3. Nf3 d5 4. Nc3 Be7 5. Bg5 h6 6. Bxf6 Bxf6 7. e3 O-O 8. Rc1
dxc4 9. Bxc4 c5 10. dxc5 Nd7 11. b4 a5 12. a3 axb4 13. axb4 Ne5 14. Nxe5 Bxe5
15. Qxd8 Rxd8 16. Ke2 Ra3 17. Nb5 Ra4 18. Rhd1 Bd7 19. Rb1 Kf8 20. f4 Bb8 21.
Nc3 Ra3 22. Rb3 Ra8 23. Rb2 e5 24. f5 Ke7 25. Nd5+ Ke8 26. Nb6 Ra3 1-0

[Event "Norway Masters blitz 7th"]
[Site "Stavanger"]
[Date "2019.06.03"]
[Round "7"]
[White "Carlsen, Magnus"]
[Black "Grischuk, Alexander"]
[Result "1-0"]
[WhiteElo "2875"]
[BlackElo "2775"]
[PlyCount "83"]
[EventDate "2019.06.03"]
[EventType "tourn (blitz)"]
[EventRounds "9"]
[EventCountry "NOR"]
[EventCategory "22"]
[SourceTitle "CBM 190 Extra"]
[Source "ChessBase"]
[SourceDate "2019.07.15"]
[SourceVersion "1"]
[SourceVersionDate "2019.07.15"]
[SourceQuality "1"]

1. e4 e6 2. f4 d5 3. e5 c5 4. Nf3 Nc6 5. c3 Nh6 6. Na3 Nf5 7. Nc2 Be7 8. d4 Qb6
9. Bd3 cxd4 10. cxd4 Bd7 11. O-O Nb4 12. Nxb4 Qxb4 13. Kh1 h5 14. Bxf5 exf5 15.
a4 Rc8 16. b3 Qc3 17. Ba3 Qc2 18. Qe1 Bxa3 19. Rxa3 Qb2 20. Ra1 Rc2 21. Rb1 Qc3
22. Qg3 g6 23. Qg5 Qc6 24. h3 Kf8 25. Qf6 Qxf6 26. exf6 Rc6 27. Ne5 Rd6 28.
Rbc1 Bc6 29. b4 Rxf6 30. b5 Be8 31. Rc7 Rb6 32. Re1 Kg7 33. Nd3 a6 34. Nc5 axb5
35. a5 Rc6 36. Rxb7 Rc8 37. Ree7 b4 38. a6 Kh6 39. Rxb4 Bc6 40. a7 Rhe8 41.
Rxe8 Rxe8 42. Rb6 1-0

[Event "Norway Masters blitz 7th"]
[Site "Stavanger"]
[Date "2019.06.03"]
[Round "8"]
[White "Grischuk, Alexander"]
[Black "So, Wesley"]
[Result "0-1"]
[WhiteElo "2775"]
[BlackElo "2754"]
[PlyCount "144"]
[EventDate "2019.06.03"]
[EventType "tourn (blitz)"]
[EventRounds "9"]
[EventCountry "NOR"]
[EventCategory "22"]
[SourceTitle "CBM 190 Extra"]
[Source "ChessBase"]
[SourceDate "2019.07.15"]
[SourceVersion "1"]
[SourceVersionDate "2019.07.15"]
[SourceQuality "1"]

1. d4 Nf6 2. c4 g6 3. f3 d5 4. cxd5 Nxd5 5. e4 Nb6 6. Nc3 Bg7 7. Be3 O-O 8. Qd2
Nc6 9. O-O-O Qd6 10. Kb1 Rd8 11. Nb5 Qd7 12. d5 a6 13. Nc3 Qe8 14. Qc1 Na5 15.
h4 e6 16. Bg5 Rd6 17. Bf4 exd5 18. Bxd6 cxd6 19. Nxd5 Nxd5 20. Rxd5 b5 21. Qd2
Be6 22. Qxa5 Bxd5 23. exd5 b4 24. Ne2 Rc8 25. Qxb4 Rb8 26. Qd2 Rxb2+ 27. Qxb2
Bxb2 28. Kxb2 Qb5+ 29. Kc2 Qa4+ 30. Kb2 Qb4+ 31. Kc2 Qa4+ 32. Kb2 Qd1 33. Nc3
Qd2+ 34. Kb3 a5 35. Bc4 Qxg2 36. Re1 Qxf3 37. Re8+ Kg7 38. Ra8 Qf4 39. Rxa5
Qxh4 40. Ra8 h5 41. a4 Qf2 42. a5 h4 43. a6 h3 44. a7 h2 45. Rg8+ Kxg8 46.
a8=Q+ Kh7 47. Qa1 Qg1 48. Qa6 h1=Q 49. Qxd6 Qe3 50. Qf6 Qhf3 51. Qxf3 Qxf3 52.
Kb4 Qf4 53. Nb5 g5 54. d6 g4 55. Kc5 g3 56. Bd5 Qg5 57. Kc6 g2 58. Bxg2 Qxg2+
59. Kc7 Qg3 60. Kc6 Qf3+ 61. Kc7 Qd5 62. Na7 Qa5+ 63. Kb7 Qd8 64. Kc6 Qa8+ 65.
Kb6 Qd5 66. Kc7 Qa5+ 67. Kb7 Qd8 68. Nb5 Qd7+ 69. Kb6 f5 70. Kc5 f4 71. Nd4 Kg6
72. Kd5 Kf6 0-1